| 000 | 004280000a22001690004500 | ||
|---|---|---|---|
| 003 | MACL | ||
| 005 | 20151231161726.0 | ||
| 008 | 151231b xxu||||| |||| 00| 0 eng d | ||
| 040 |
_aMACL _cMACL |
||
| 041 | _aEnglish | ||
| 082 | _a340/HAI | ||
| 100 |
_aHai, Zuhoorul _925936 |
||
| 245 | _aLaw of Suspension and Reinstatement | ||
| 260 |
_bSaraswati Prakashan _c1973 _aBhopal |
||
| 650 |
_aLaw _925937 |
||
| 942 |
_cBK _k340/Hai _2ddc |
||
| 999 |
_c36103 _d36103 |
||